Antenna engineering
Guardado en:
| Autor principal: | |
|---|---|
| Formato: | Libro |
| Lenguaje: | English |
| Publicado: |
New York, McGraw-Hill
1968
|
| Colección: | McGraw-Hill electronic sciences series
|
| Materias: | |
| Etiquetas: |
Agregar Etiqueta
Sin Etiquetas, Sea el primero en etiquetar este registro!
|
MARC
| LEADER | 00000nam a2200000Ia 4500 | ||
|---|---|---|---|
| 003 | L000799 | ||
| 005 | 20221231143943.0 | ||
| 008 | 140114s1968 nyua 000 ||eng d | ||
| 040 | |c cru CEDI | ||
| 082 | |a 621.38 W396a | ||
| 100 | |a Weeks, W. L 1923- |9 19372 | ||
| 245 | |a Antenna engineering | ||
| 260 | |a New York, McGraw-Hill |c 1968 | ||
| 300 | |a xi, 370 páginas, ilustraciones. 23 cm. | ||
| 440 | |a McGraw-Hill electronic sciences series |9 19373 | ||
| 650 | |x ANTENAS |x ELECTRONICA |9 19374 | ||
| 942 | |2 ddc |c BK | ||
| 999 | |c 14724 |d 14724 | ||
